000 00791nac a22002051u 4500
008 100906t xxu||||| |||| 00| 0 eng d
010 _a 57000863
035 _a(OCoLC)4350781
082 _a621.8
_bBEV
100 _aBevan, Thomas.
_918222
245 1 4 _aThe Theory of Machines:
_bA Text-book for Engineering Students/
_cBy Thomas Bevan
250 _a2nd ed.
260 _aLondon,
_aNew York,
_bLongmans, Green
_c[1943]
300 _a621 p. :
_bill. ;
_c23 cm.
500 _aDonations.
500 _aDonations - Bibliotheca Alexandrina.
650 0 _aMechanical engineering.
_918223
942 _cBB
_k621.8BEV
_2ddc
999 _c3314
_d3314